000 02831nam0a2200397 4500
001 RU\NLR\BIBL_A\012725385
005 20220525102242.0
010 _a978-5-4387-0986-2
_9100
021 _aRU
_bКН-П-21-080729
_9КН-П-21-6426
035 _a(NLR Aleph) 012725385
035 _a(RuMoRGB)010886839
090 _a12954618
_c12954618
100 _a20220310d2021 u y0rusy50 ca
101 0 _arus
102 _aRU
105 _aa|||j|||000zy
181 0 _ai3
_baxxe
182 0 _an
200 1 _aСовременные методы математического моделирования. Введение в геостатистику
_eучебное пособие
_eдля студентов, изучающих математическое моделирование, фундаментальную математику и геологическое моделирование
_fА. А. Яковлев, С. Б. Тихомиров, Р. Р. Гильманов
_gМинистерство науки и высшего образования Российской Федерации, Федеральное государственное автономное образовательное учреждение высшего образования "Национальный исследовательский Томский политехнический университет"
203 _aТекст
_bвизуальный
_cнепосредственный
210 _aТомск
_cИзд-во Томского политехнического университета
_d2021
215 _a93 с.
_cил., цв. ил.
_d21
320 _aБиблиогр.: с. 91-93 (41 назв.)
517 1 _aВведение в геостатистику
606 1 _aНефтяные пласты
_jУчебные издания для высших учебных заведений
_xГеология
_xГеостатистические исследования
_92620416
_3RU\NLR\AUTH\661556976
606 1 _aНефтяные пласты
_jУчебные издания для высших учебных заведений
_xМатематическое моделирование
_92514881
_3RU\NLR\AUTH\6601705439
675 _a[519.87
_v4
675 _a55:519.22](075.8)
_v4
686 1 _aД454.1-441в64я73
700 1 _7ca
_8rus
_aЯковлев
_bА. А.
_cд-р физ.-мат. наук
_f1981-
_gАндрей Александрович
_9242430
_3RU\NLR\AUTH\770242486
701 1 _7ca
_8rus
_aТихомиров
_bС. Б.
_cд-р физ.-мат. наук
_gСергей Борисович
_9242445
_3RU\NLR\AUTH\770242501
701 1 _aГильманов
_bР. Р.
_gРустем Равилевич
942 _cBOOK
980 _aNB